000 00549nam a22002177a 4500
999 _c21231
_d21231
003 OSt
005 20210526101948.0
008 170126b xxu||||| |||| 00| 0 eng d
020 _a0321245849
040 _aMMU
_beng
_cMMU
_dMMU
050 _aQA76.73.J38L49 2005
100 _aLewis John
245 _aJava soft ware structures/
_cJohn Lewis
250 _a2nd ed.
260 _aBoston:
_bPearson,
_c2005.
300 _axxiv,607 p. :
500 _aincludes index
650 _ajava
700 _aJoseph Chase
942 _2lcc
_cLOAN LOAN
_e2nd ed.